[Event "EU-ch Seniors 50 18th"]
[Site "Drammen"]
[Date "2018.08.05"]
[Round "2"]
[White "Stubrud, Jan Magne"]
[Black "Syvertsen, Finn"]
[Result "1-0"]
[WhiteElo "1667"]
[BlackElo "1426"]
[PlyCount "39"]
[EventDate "2018.08.04"]
[EventType "swiss"]
[EventRounds "9"]
[EventCountry "NOR"]
[SourceTitle "CBM 185 Extra"]
[Source "ChessBase"]
[SourceDate "2018.07.29"]
[SourceVersion "1"]
[SourceVersionDate "2018.07.29"]
[SourceQuality "1"]

1. d4 d5 2. Bf4 e6 3. Nf3 c5 4. e3 cxd4 5. exd4 a6 6. Bd3 Bd6 7. Bg3 Nc6 8. c3 Nf6 9. Ne5 Bxe5 10. dxe5 Nd7 11. f4 Nc5 12. Bc2 0-0 13. Nd2 Ne7 14. Bh4 g6 15. Qg4 Qe8 16. Bf6 Nf5 17. Bxf5 exf5 18. Qg5 Ne6 19. Qh6 Bd7 20. Nf3 1-0

[Event "Asker Autumn A"]
[Site "Asker"]
[Date "2017.10.23"]
[Round "6"]
[White "Erlendson, Audun"]
[Black "Syvertsen, Finn"]
[Result "1/2-1/2"]
[WhiteElo "1445"]
[BlackElo "1403"]
[PlyCount "22"]
[EventDate "2017.08.28"]
[EventType "swiss"]
[EventRounds "9"]
[EventCountry "NOR"]
[SourceTitle "EXT 2024"]
[Source "ChessBase"]
[SourceDate "2023.10.10"]
[SourceVersion "1"]
[SourceVersionDate "2023.10.10"]
[SourceQuality "1"]

1. e4 e5 2. Nc3 Nf6 3. Bc4 c6 4. d3 d5 5. exd5 cxd5 6. Bb3 Bc5 7. Bg5 Bxf2+ 8. Kxf2 Ng4+ 9. Ke1 Qxg5 10. Nxd5 Qd8 11. Qf3 0-0 1/2-1/2

[Event "Asker CC-ch Class A"]
[Site "Asker"]
[Date "2017.04.03"]
[Round "8"]
[White "Syvertsen, Finn"]
[Black "Holler, Ole Jakob"]
[Result "0-1"]
[WhiteElo "1437"]
[BlackElo "1399"]
[PlyCount "78"]
[EventDate "2017.01.09"]
[EventType "swiss"]
[EventRounds "9"]
[EventCountry "NOR"]
[SourceTitle "EXT 2024"]
[Source "ChessBase"]
[SourceDate "2023.10.10"]
[SourceVersion "1"]
[SourceVersionDate "2023.10.10"]
[SourceQuality "1"]

1. e4 c5 2. Nf3 d6 3. h3 Nc6 4. c3 Nf6 5. d3 e6 6. Be2 Be7 7. 0-0 0-0 8. Re1 Nd7 9. d4 cxd4 10. cxd4 Re8 11. Nbd2 Bf6 12. Nf1 Nf8 13. Ng3 Ng6 14. Be3 Nh4 15. Nh2 Bg5 16. f4 Be7 17. a3 d5 18. e5 Rf8 19. Bd3 g6 20. Qg4 Kh8 21. Qd1 Nf5 22. Nxf5 gxf5 23. Qh5 Rg8 24. Nf3 Rg7 25. Ng5 Qg8 26. Bf1 Bd7 27. Rad1 Rf8 28. Bf2 Be8 29. Qe2 h6 30. Nf3 f6 31. exf6 Rxf6 32. Ne5 Nxe5 33. dxe5 Rfg6 34. Bxa7 Rg3 35. Kh2 Bh4 36. Bf2 Rxg2+ 37. Bxg2 Rxg2+ 38. Kh1 Rxf2 39. Rg1 Qxg1+ 0-1

[Event "Asker CC-ch Class A"]
[Site "Asker"]
[Date "2017.03.27"]
[Round "7"]
[White "Lovberget, Erik"]
[Black "Syvertsen, Finn"]
[Result "1/2-1/2"]
[WhiteElo "1469"]
[BlackElo "1437"]
[PlyCount "62"]
[EventDate "2017.01.09"]
[EventType "swiss"]
[EventRounds "9"]
[EventCountry "NOR"]
[SourceTitle "EXT 2024"]
[Source "ChessBase"]
[SourceDate "2023.10.10"]
[SourceVersion "1"]
[SourceVersionDate "2023.10.10"]
[SourceQuality "1"]

1. e4 e6 2. d4 d5 3. Nc3 dxe4 4. Nxe4 Be7 5. Nf3 h6 6. Bc4 Nf6 7. Qe2 Nc6 8. c3 0-0 9. 0-0 Na5 10. Bd3 a6 11. h3 Nxe4 12. Bxe4 Bd7 13. Re1 Bb5 14. Bd3 Bxd3 15. Qxd3 c5 16. Rd1 cxd4 17. Nxd4 Qc7 18. Be3 Rad8 19. Qe2 Nc4 20. Nf3 Nxe3 21. Qxe3 Bc5 22. Qe2 Bd6 23. Nd4 Rd7 24. Rd3 Rfd8 25. Rad1 Qc4 26. b3 Qc7 27. Qe4 Be5 28. c4 Qc5 29. Nf3 Rxd3 30. Rxd3 Rxd3 31. Qxd3 Bf6 1/2-1/2

[Event "Asker CC-ch Class A"]
[Site "Asker"]
[Date "2017.02.06"]
[Round "3"]
[White "Erlendson, Audun"]
[Black "Syvertsen, Finn"]
[Result "1/2-1/2"]
[WhiteElo "1490"]
[BlackElo "1437"]
[PlyCount "67"]
[EventDate "2017.01.09"]
[EventType "swiss"]
[EventRounds "9"]
[EventCountry "NOR"]
[SourceTitle "EXT 2024"]
[Source "ChessBase"]
[SourceDate "2023.10.10"]
[SourceVersion "1"]
[SourceVersionDate "2023.10.10"]
[SourceQuality "1"]

1. d4 d5 2. Nc3 c5 3. e4 dxe4 4. d5 Bf5 5. Bb5+ Nd7 6. Nge2 a6 7. Bxd7+ Qxd7 8. Ng3 Nf6 9. Bg5 h6 10. Bxf6 exf6 11. Ncxe4 Bxe4 12. Nxe4 Be7 13. c4 0-0 14. 0-0 f5 15. Nc3 Bd6 16. Qf3 Rae8 17. Rae1 g6 18. Ne2 Re4 19. Rc1 Rfe8 20. Rfe1 Qe7 21. Kf1 Qh4 22. h3 Rxc4 23. Nc3 Rxe1+ 24. Rxe1 Rf4 25. Re8+ Kg7 26. Qe3 Rb4 27. b3 Rd4 28. Qf3 Qg5 29. g3 Qd2 30. Re3 Qc1+ 31. Kg2 f4 32. Ne2 Qd2 33. Nxf4 Bxf4 34. gxf4 1/2-1/2

[Event "Asker Autumn A"]
[Site "Asker"]
[Date "2016.08.29"]
[Round "1"]
[White "Utseth, Mikhail"]
[Black "Syvertsen, Finn"]
[Result "1-0"]
[WhiteElo "1614"]
[BlackElo "1456"]
[PlyCount "117"]
[EventDate "2016.08.29"]
[EventType "swiss"]
[EventRounds "9"]
[EventCountry "NOR"]
[SourceTitle "EXT 2024"]
[Source "ChessBase"]
[SourceDate "2023.10.10"]
[SourceVersion "1"]
[SourceVersionDate "2023.10.10"]
[SourceQuality "1"]

1. d4 d5 2. e3 Nf6 3. Bd3 c5 4. c3 c4 5. Bc2 Nc6 6. f4 Bg4 7. Nf3 e6 8. 0-0 Be7 9. Nbd2 0-0 10. Qe1 Bf5 11. e4 dxe4 12. Bxe4 Nxe4 13. Nxe4 Qd5 14. Nf2 f6 15. Be3 Bd6 16. Rd1 Qb5 17. Qe2 Ne7 18. Nh4 Nd5 19. Nxf5 exf5 20. Qf3 Nxe3 21. Qxe3 Rae8 22. Qf3 Qc6 23. Qxc6 bxc6 24. g3 Re2 25. Rb1 Rb8 26. Nd1 Ba3 27. Rf2 Re1+ 28. Kg2 Bd6 29. b3 cxb3 30. axb3 a5 31. Ra2 Rbe8 32. Rxa5 R8e2+ 33. Kf3 Rxh2 34. Rb2 Rf1+ 35. Ke3 Rh3 36. Ke2 Rhh1 37. Nf2 Re1+ 38. Kf3 Rh5 39. Ra6 g6 40. Rxc6 g5 41. Kg2 Be7 42. d5 Kf7 43. b4 Bd8 44. c4 Re7 45. d6 Rd7 46. c5 Ke6 47. Rd2 Rh6 48. b5 Rg6 49. b6 Rgg7 50. Rd4 h5 51. Nd3 Rb7 52. Nb4 Rgd7 53. Na6 h4 54. Rc8 hxg3 55. Nb8 Rh7 56. Rxd8 Rh2+ 57. Kxg3 Rhh7 58. Re8+ Kf7 59. Re7+ 1-0

[Event "Asker CC-ch Class A"]
[Site "Asker"]
[Date "2016.04.25"]
[Round "8"]
[White "Larsen, Odd Ingolf"]
[Black "Syvertsen, Finn"]
[Result "1/2-1/2"]
[WhiteElo "1153"]
[BlackElo "1221"]
[PlyCount "87"]
[EventDate "2016.01.11"]
[EventType "swiss"]
[EventRounds "9"]
[EventCountry "NOR"]
[SourceTitle "EXT 2024"]
[Source "ChessBase"]
[SourceDate "2023.10.10"]
[SourceVersion "1"]
[SourceVersionDate "2023.10.10"]
[SourceQuality "1"]

1. Nf3 Nf6 2. e3 d5 3. c4 e6 4. cxd5 exd5 5. d4 Bb4+ 6. Nc3 0-0 7. a3 Ba5 8. b4 Bb6 9. Na4 a5 10. Nxb6 cxb6 11. b5 a4 12. Be2 Ne4 13. Bb2 Bd7 14. Rb1 Nd6 15. Bc3 Bf5 16. Rb4 Ne4 17. Ba1 Nd7 18. Rxa4 Qc7 19. 0-0 Ndf6 20. Ne5 Qd6 21. f3 Ng5 22. Bc3 Rfc8 23. Rxa8 Rxa8 24. Bb4 Qd8 25. Qd2 Rc8 26. Rc1 Rxc1+ 27. Qxc1 Ne8 28. h4 Ne6 29. g4 Qxh4 30. gxf5 Qg3+ 31. Kf1 Ng5 32. Qe1 Qh3+ 33. Kg1 Qh6 34. Bf1 Nh3+ 35. Bxh3 Qxh3 36. Qf2 Qxf5 37. Qh4 Qb1+ 38. Kg2 Qc2+ 39. Kg3 Qd1 40. Qe7 Qg1+ 41. Kf4 Qh2+ 42. Kf5 g6+ 43. Kg4 f5+ 44. Kg5 1/2-1/2

[Event "Asker CC-ch Class A"]
[Site "Asker"]
[Date "2016.02.01"]
[Round "1"]
[White "Syvertsen, Finn"]
[Black "Martinez, Alexander"]
[Result "1-0"]
[WhiteElo "1221"]
[BlackElo "1120"]
[PlyCount "75"]
[EventDate "2016.01.11"]
[EventType "swiss"]
[EventRounds "9"]
[EventCountry "NOR"]
[SourceTitle "EXT 2024"]
[Source "ChessBase"]
[SourceDate "2023.10.10"]
[SourceVersion "1"]
[SourceVersionDate "2023.10.10"]
[SourceQuality "1"]

1. e4 e5 2. Nf3 Nc6 3. Bb5 d6 4. c3 a6 5. Ba4 Bg4 6. d4 b5 7. Bb3 Nf6 8. d5 Ne7 9. Bc2 g6 10. h3 Bxf3 11. Qxf3 Bg7 12. Bg5 Nd7 13. Qe2 f6 14. Bd2 0-0 15. a4 c6 16. c4 bxa4 17. 0-0 c5 18. Rxa4 f5 19. f4 exf4 20. Nc3 Bd4+ 21. Kh1 Nb6 22. Raa1 Be3 23. Bxe3 fxe3 24. exf5 Nxf5 25. Bxf5 gxf5 26. b3 f4 27. Qg4+ Kh8 28. Rxf4 Rg8 29. Qf3 Qg5 30. Rg4 Qe5 31. Re4 Qxc3 32. Rf1 Qg7 33. Rxe3 Raf8 34. Qe2 Rxf1+ 35. Qxf1 Nc8 36. Rf3 Qe7 37. Rf7 Qd8 38. Qa1+ 1-0

[Event "Asker Host A"]
[Site "Asker"]
[Date "2015.11.09"]
[Round "7"]
[White "Holler, Ole Jakob"]
[Black "Syvertsen, Finn"]
[Result "1/2-1/2"]
[WhiteElo "1433"]
[BlackElo "1511"]
[PlyCount "66"]
[EventDate "2015.09.21"]
[EventType "swiss"]
[EventRounds "9"]
[EventCountry "NOR"]
[SourceTitle "EXT 2023"]
[Source "ChessBase"]
[SourceDate "2022.10.05"]
[SourceVersion "1"]
[SourceVersionDate "2022.10.05"]
[SourceQuality "1"]

1. e4 e6 2. d4 d5 3. exd5 exd5 4. Qe2+ Be7 5. Bg5 Be6 6. Bxe7 Qxe7 7. g3 Nf6 8. Bh3 0-0 9. Nf3 Re8 10. Bxe6 Qxe6 11. Qxe6 Rxe6+ 12. Kf1 Nbd7 13. Nc3 Rae8 14. Kg2 c6 15. Rae1 Ne4 16. Nxe4 dxe4 17. Ng5 R6e7 18. Re2 h6 19. Nh3 f5 20. Rhe1 Nf6 21. Kh1 Nh7 22. f3 Ng5 23. Nxg5 hxg5 24. c4 e3 25. d5 cxd5 26. cxd5 Rd7 27. Rd1 Red8 28. Rxe3 Rxd5 29. Rxd5 Rxd5 30. Re2 Kf7 31. g4 Rd6 32. Kg2 Rf6 33. Rc2 Rc6 1/2-1/2

[Event "Asker CC-ch A"]
[Site "Asker"]
[Date "2015.05.07"]
[Round "8"]
[White "Nydal, Roar"]
[Black "Syvertsen, Finn"]
[Result "1-0"]
[WhiteElo "1360"]
[BlackElo "1195"]
[PlyCount "90"]
[EventDate "2015.02.23"]
[EventType "swiss"]
[EventRounds "9"]
[EventCountry "NOR"]
[SourceTitle "EXT 2023"]
[Source "ChessBase"]
[SourceDate "2022.10.05"]
[SourceVersion "1"]
[SourceVersionDate "2022.10.05"]
[SourceQuality "1"]

1. d4 Nf6 2. c4 e6 3. e3 d5 4. Nf3 b6 5. a3 a5 6. Nc3 Be7 7. Be2 0-0 8. 0-0 Ne4 9. Nxe4 dxe4 10. Nd2 f5 11. b3 Rf6 12. Bb2 Rh6 13. Kh1 Bd6 14. f4 Qh4 15. h3 Qg3 16. Qe1 Qxe3 17. Bd1 Qxe1 18. Rxe1 Bxf4 19. Bc3 Bb7 20. Rf1 Bd6 21. Bc2 Nd7 22. b4 axb4 23. axb4 Rb8 24. c5 bxc5 25. bxc5 Be7 26. Nc4 Nf6 27. Rab1 Nd7 28. Rxb7 Rxb7 29. c6 Rb8 30. cxd7 Rd8 31. Ne5 Bd6 32. Ba4 Bxe5 33. dxe5 Kf7 34. Ba5 Ke7 35. Rd1 e3 36. Bxc7 e2 37. Bxd8+ Kxd8 38. Rc1 e1Q+ 39. Rxe1 Rh4 40. Ra1 Rd4 41. Bb5 Rxd7 42. Bxd7 Kxd7 43. Ra7+ Kc6 44. Rxg7 Kd5 45. Rxh7 Kxe5 1-0

[Event "Asker op"]
[Site "Asker"]
[Date "2014.10.20"]
[Round "5"]
[White "Hole, Victor"]
[Black "Syvertsen, Finn"]
[Result "0-1"]
[WhiteElo "914"]
[BlackElo "1220"]
[PlyCount "68"]
[EventDate "2014.09.01"]
[EventType "swiss"]
[EventRounds "9"]
[EventCountry "NOR"]
[SourceTitle "EXT 2017"]
[Source "ChessBase"]
[SourceDate "2016.10.25"]
[SourceVersion "1"]
[SourceVersionDate "2016.10.25"]
[SourceQuality "1"]

1. d4 d5 2. Nf3 c5 3. Bf4 cxd4 4. Nxd4 Nc6 5. Nxc6 bxc6 6. e3 Nf6 7. Nd2 Qb6 8. b3 e6 9. Bd3 Ba6 10. 0-0 Nd7 11. Bxa6 Qxa6 12. e4 e5 13. Bg3 Bd6 14. exd5 cxd5 15. a4 0-0 16. Rc1 Rac8 17. c4 Be7 18. cxd5 Rxc1 19. Qxc1 Rc8 20. Qb2 f6 21. Rc1 Nc5 22. Qa3 Qd3 23. Nc4 Re8 24. d6 Nxb3 25. dxe7 Nxc1 26. Qxd3 Nxd3 27. Ne3 Rxe7 28. Nd5 Rb7 29. Nc3 Rb3 30. Nd1 Rb1 31. Kf1 Rxd1+ 32. Ke2 Nb2 33. f3 Ra1 34. Be1 Rxa4 0-1

[Event "Asker op"]
[Site "Asker"]
[Date "2014.09.08"]
[Round "2"]
[White "Syvertsen, Finn"]
[Black "Utseth, Mikhail"]
[Result "0-1"]
[WhiteElo "1220"]
[BlackElo "1503"]
[PlyCount "58"]
[EventDate "2014.09.01"]
[EventType "swiss"]
[EventRounds "9"]
[EventCountry "NOR"]
[SourceTitle "EXT 2017"]
[Source "ChessBase"]
[SourceDate "2016.10.25"]
[SourceVersion "1"]
[SourceVersionDate "2016.10.25"]
[SourceQuality "1"]

1. e4 c5 2. Nf3 Nc6 3. c3 d6 4. d4 cxd4 5. cxd4 d5 6. e5 e6 7. Nc3 a6 8. a3 Nge7 9. Bg5 h6 10. Bf4 Nf5 11. Be2 Qb6 12. b4 Ncxd4 13. Nxd4 Qxd4 14. Qxd4 Nxd4 15. Bd3 Be7 16. Be3 Nc6 17. Bf4 b5 18. Rc1 Bb7 19. 0-0 0-0 20. Ne2 Bg5 21. Bxg5 hxg5 22. Bb1 Nxe5 23. Rc7 Rab8 24. Nd4 Nc4 25. Nb3 Nxa3 26. Nc5 Bc8 27. Bd3 Nc4 28. Nd7 Bxd7 29. Rxd7 Ne5 0-1

[Event "Asker Aautumn-B"]
[Site "Asker"]
[Date "2013.11.11"]
[Round "7"]
[White "Syvertsen, Finn"]
[Black "Roholdt, Njaal"]
[Result "0-1"]
[WhiteElo "1252"]
[BlackElo "1411"]
[PlyCount "118"]
[EventDate "2013.09.16"]
[EventType "swiss"]
[EventRounds "9"]
[EventCountry "NOR"]
[SourceTitle "EXT 2024"]
[Source "ChessBase"]
[SourceDate "2023.10.10"]
[SourceVersion "1"]
[SourceVersionDate "2023.10.10"]
[SourceQuality "1"]

1. e4 e5 2. Nf3 Nc6 3. Bb5 Bc5 4. 0-0 Nf6 5. Re1 0-0 6. c3 d6 7. d4 exd4 8. cxd4 Bb4 9. Nc3 Bg4 10. Bxc6 bxc6 11. Qa4 Bxf3 12. gxf3 c5 13. a3 Bxc3 14. bxc3 cxd4 15. cxd4 Nh5 16. Kh1 Qh4 17. Ra2 Qf6 18. Qd1 Rab8 19. Be3 Rb7 20. Rg1 Rfb8 21. Ra1 h6 22. Rg4 c5 23. e5 dxe5 24. dxc5 Nf4 25. Qd6 Ne6 26. Qd1 Nf4 27. Bxf4 exf4 28. Rc1 Rc8 29. Qd2 g5 30. Qc3 Qxc3 31. Rxc3 Rbc7 32. Rg1 Rxc5 33. Rb3 Rc3 34. Rgb1 Kg7 35. a4 Kg6 36. Kg2 f5 37. Rb7 R8c7 38. R7b5 h5 39. Ra5 g4 40. fxg4 hxg4 41. Rbb5 f3+ 42. Kg3 Rf7 43. Ra6+ Kg5 44. Rba5 Rh7 45. h4+ gxh3 46. Rxa7 Rxa7 47. Rxa7 f4+ 48. Kxh3 Rc5 49. Rg7+ Kf6 50. Rg4 Kf5 51. Kh4 Rc2 52. Rg5+ Ke4 53. Rb5 Rxf2 54. Rb4+ Ke3 55. Rb8 Ke2 56. Rb2+ Kf1 57. Rb4 Rh2+ 58. Kg4 f2 59. Kf3 Kg1 0-1

[Event "Asker CC-ch"]
[Site "Asker"]
[Date "2013.04.15"]
[Round "6"]
[White "Syvertsen, Finn"]
[Black "Omland, Harald"]
[Result "1-0"]
[WhiteElo "1236"]
[BlackElo "1340"]
[PlyCount "70"]
[EventDate "2013.01.14"]
[EventType "swiss"]
[EventRounds "9"]
[EventCountry "NOR"]
[SourceTitle "EXT 2024"]
[Source "ChessBase"]
[SourceDate "2023.10.10"]
[SourceVersion "1"]
[SourceVersionDate "2023.10.10"]
[SourceQuality "1"]

1. e4 c5 2. Nf3 d6 3. c3 Nf6 4. Bb5+ Bd7 5. Bd3 e5 6. Bc2 Be7 7. 0-0 0-0 8. d4 cxd4 9. cxd4 Nc6 10. a3 exd4 11. Nxd4 Rc8 12. Nc3 a6 13. Nf5 Bxf5 14. exf5 Re8 15. Nd5 Ne5 16. Nxe7+ Qxe7 17. Bd2 b5 18. Re1 Qd7 19. Bc3 Rc5 20. Bb3 Rc6 21. Qd4 Qxf5 22. Rac1 Qg5 23. Kh1 Nc4 24. Rxe8+ Nxe8 25. Re1 Kf8 26. Qe4 Rc8 27. Qxh7 Qh6 28. Qf5 Rd8 29. Qe4 d5 30. Qe7+ Kg8 31. Qxd8 Ncd6 32. Rxe8+ Nxe8 33. Qxe8+ Kh7 34. Bc2+ f5 35. Bxf5+ g6 1-0

[Event "Asker CC-ch"]
[Site "Asker"]
[Date "2013.04.08"]
[Round "7"]
[White "Syvertsen, Finn"]
[Black "Holler, Ole Jakob"]
[Result "1-0"]
[WhiteElo "1236"]
[BlackElo "1269"]
[PlyCount "93"]
[EventDate "2013.01.14"]
[EventType "swiss"]
[EventRounds "9"]
[EventCountry "NOR"]
[SourceTitle "EXT 2024"]
[Source "ChessBase"]
[SourceDate "2023.10.10"]
[SourceVersion "1"]
[SourceVersionDate "2023.10.10"]
[SourceQuality "1"]

1. e4 c5 2. Nf3 e6 3. c3 Nc6 4. e5 d6 5. Bb5 Bd7 6. 0-0 Nxe5 7. Nxe5 Bxb5 8. c4 Bd7 9. Nxd7 Qxd7 10. Nc3 Be7 11. Re1 Nf6 12. d4 cxd4 13. Qxd4 h6 14. Qd3 Rc8 15. b3 0-0 16. Re3 Rc5 17. Rh3 Rh5 18. Rg3 d5 19. Qe2 Bd6 20. f4 dxc4 21. Qxc4 Rc8 22. Qe2 Bc5+ 23. Be3 Bxe3+ 24. Rxe3 Rhc5 25. Rd1 Qc7 26. Ne4 Nxe4 27. Rxe4 Rc2 28. Qd3 Qc5+ 29. Qe3 Qxe3+ 30. Rxe3 Rxa2 31. h3 Rcc2 32. Rg3 Ra3 33. Rd8+ Kh7 34. Rd7 Ra1+ 35. Kh2 Rcc1 36. Rg4 h5 37. Rg5 Rc8 38. Rxf7 Rg8 39. Rxb7 Kh6 40. Re7 g6 41. Rxe6 h4 42. Rg4 Kh5 43. Re5+ Kh6 44. Rxh4+ Kg7 45. Re7+ Kf6 46. Rhh7 a5 47. Rhf7# 1-0

[Event "Asker Autumn-B"]
[Site "Asker"]
[Date "2012.10.22"]
[Round "6"]
[White "Jordan, Eddy"]
[Black "Syvertsen, Finn"]
[Result "1/2-1/2"]
[WhiteElo "1555"]
[BlackElo "1175"]
[PlyCount "62"]
[EventDate "2012.08.27"]
[EventType "swiss"]
[EventCountry "NOR"]
[SourceTitle "EXT 2024"]
[Source "ChessBase"]
[SourceDate "2023.10.10"]
[SourceVersion "1"]
[SourceVersionDate "2023.10.10"]
[SourceQuality "1"]

1. e4 e5 2. Nf3 d6 3. d4 exd4 4. Nxd4 Nf6 5. Nc3 Be7 6. Be2 0-0 7. 0-0 Nc6 8. Be3 Nxd4 9. Bxd4 c5 10. Be3 a6 11. f4 Nd7 12. Nd5 Re8 13. Bf3 Nf6 14. c4 Nxd5 15. cxd5 Bf6 16. Qc2 Qb6 17. Rab1 Qa7 18. Kh1 b6 19. Rfe1 Bd7 20. Bf2 Rac8 21. Rbd1 b5 22. b4 Bd4 23. Bxd4 cxd4 24. Qb2 Rc4 25. Rd2 Rec8 26. Red1 Qc7 27. h3 a5 28. a3 Qa7 29. Be2 Rc3 30. Bf3 Bxh3 31. Kh2 Bd7 1/2-1/2

[Event "Asker Autumn-B"]
[Site "Asker"]
[Date "2012.09.24"]
[Round "4"]
[White "Yggeseth, Oistein"]
[Black "Syvertsen, Finn"]
[Result "0-1"]
[WhiteElo "1188"]
[BlackElo "1175"]
[PlyCount "58"]
[EventDate "2012.08.27"]
[EventType "swiss"]
[EventCountry "NOR"]
[SourceTitle "EXT 2024"]
[Source "ChessBase"]
[SourceDate "2023.10.10"]
[SourceVersion "1"]
[SourceVersionDate "2023.10.10"]
[SourceQuality "1"]

1. e4 e6 2. d4 d5 3. e5 c5 4. c3 cxd4 5. cxd4 Nc6 6. Bb5 Qa5+ 7. Nc3 Bd7 8. Bxc6 Bxc6 9. a3 Ne7 10. Bd2 Qb6 11. Bc1 Nf5 12. Nge2 Be7 13. b4 0-0 14. Bb2 f6 15. f4 Ne3 16. Qd2 Nxg2+ 17. Kf2 Nxf4 18. Kg3 Nh5+ 19. Kh3 fxe5 20. Rhg1 Rf3+ 21. Ng3 Nf4+ 22. Kg4 e4 23. Raf1 Be8 24. Rxf3 exf3 25. Qxf4 Bd7 26. Qd2 Rf8 27. Nh5 e5+ 28. Kg3 Qg6+ 29. Kf2 Qxh5 0-1

[Event "Asker Autumn-B"]
[Site "Asker"]
[Date "2012.08.27"]
[Round "1"]
[White "Syvertsen, Finn"]
[Black "Fesche, Rolf A"]
[Result "0-1"]
[WhiteElo "1175"]
[BlackElo "1474"]
[PlyCount "64"]
[EventDate "2012.08.27"]
[EventType "swiss"]
[EventCountry "NOR"]
[SourceTitle "EXT 2024"]
[Source "ChessBase"]
[SourceDate "2023.10.10"]
[SourceVersion "1"]
[SourceVersionDate "2023.10.10"]
[SourceQuality "1"]

1. e4 c5 2. Nf3 Nc6 3. c3 e5 4. d4 Qc7 5. d5 Nb8 6. Na3 a6 7. Nc4 d6 8. Be2 Nf6 9. Qc2 Be7 10. 0-0 0-0 11. Ne3 h6 12. h3 Nh7 13. Nf5 Bxf5 14. exf5 Nd7 15. c4 Ndf6 16. Nh2 Kh8 17. f4 Qd7 18. fxe5 dxe5 19. Ng4 Nxg4 20. hxg4 Bd6 21. Be3 Qe7 22. Rf3 Ng5 23. Bxg5 Qxg5 24. Rh3 e4 25. Rf1 g6 26. Qxe4 Rae8 27. Qd3 Be5 28. fxg6 Bd4+ 29. Kh1 fxg6 30. Rxf8+ Rxf8 31. Bf3 Re8 32. Qf1 Be5 0-1

[Event "Asker CC-ch A"]
[Site "Asker"]
[Date "2012.01.16"]
[Round "1"]
[White "Yggeseth, Oistein"]
[Black "Syvertsen, Finn"]
[Result "1/2-1/2"]
[WhiteElo "1179"]
[BlackElo "1225"]
[PlyCount "96"]
[EventDate "2012.01.16"]
[EventType "swiss"]
[EventRounds "9"]
[EventCountry "NOR"]
[SourceTitle "EXT 2024"]
[Source "ChessBase"]
[SourceDate "2023.10.10"]
[SourceVersion "1"]
[SourceVersionDate "2023.10.10"]
[SourceQuality "1"]

1. e4 c6 2. d4 d5 3. Nc3 dxe4 4. Nxe4 Bf5 5. Bd3 e6 6. Nf3 Be7 7. 0-0 Nf6 8. Nxf6+ Bxf6 9. Bxf5 exf5 10. Re1+ Be7 11. Qe2 Kf8 12. Ng5 Bxg5 13. Bxg5 f6 14. Bd2 Na6 15. Bf4 Qd7 16. Qe6 Qxe6 17. Rxe6 Kf7 18. Rd6 g5 19. Rd7+ Kg6 20. Bd2 Rhe8 21. Re1 Rxe1+ 22. Bxe1 Re8 23. Kf1 c5 24. Rxb7 cxd4 25. Rxa7 Nc5 26. Bb4 Re5 27. Ra5 Ne6 28. Rxe5 fxe5 29. f3 e4 30. Ke2 Nf4+ 31. Kf1 Nd5 32. Bd2 e3 33. Bc1 Nb4 34. c4 Kf6 35. Ke2 Nxa2 36. Bxe3 dxe3 37. Kxe3 Ke5 38. g3 f4+ 39. gxf4+ gxf4+ 40. Kd3 Nb4+ 41. Kc3 Nc6 42. b4 Kd6 43. b5 Ne5 44. Kd4 Nxf3+ 45. Ke4 Nxh2 46. Kxf4 Nf1 47. b6 Kc6 48. c5 Nd2 1/2-1/2